TEXT BOOK OF PHYSIOLOGY (Record no. 3501)
[ view plain ]
| 000 -LEADER | |
|---|---|
| fixed length control field | 00337nam a2200145Ia 4500 |
| 008 - FIXED-LENGTH DATA ELEMENTS--GENERAL INFORMATION | |
| fixed length control field | 150201s2006 xx 000 0 und d |
| 082 ## - DEWEY DECIMAL CLASSIFICATION NUMBER | |
| Classification number | 612 |
| Item number | T2006G |
| 100 ## - MAIN ENTRY--PERSONAL NAME | |
| Personal name | GUYTON & HALL |
| 245 ## - TITLE STATEMENT | |
| Title | TEXT BOOK OF PHYSIOLOGY |
| 250 ## - EDITION STATEMENT | |
| Edition statement | 11TH |
| 260 ## - PUBLICATION, DISTRIBUTION, ETC. (IMPRINT) | |
| Name of publisher, distributor, etc. | ELSEVIER |
| Place of publication, distribution, etc. | DELHI |
| Date of publication, distribution, etc. | 2006 |
| 300 ## - PHYSICAL DESCRIPTION | |
| Extent | 1-1116 |
| 650 ## - SUBJECT ADDED ENTRY--TOPICAL TERM | |
| Topical term or geographic name as entry element | PHYSIOLOGY |
| 942 ## - ADDED ENTRY ELEMENTS (KOHA) | |
| Source of classification or shelving scheme | Dewey Decimal Classification |
| Koha item type | Books |
| Withdrawn status | Lost status | Source of classification or shelving scheme | Damaged status | Not for loan | Home library | Current library | Date acquired | Source of acquisition | Cost, normal purchase price | Serial Enumeration / chronology | SGTU | Bill Number | Total Checkouts | Full call number | Barcode | Date last seen | Date last checked out | Bill Date | Koha item type |
|---|---|---|---|---|---|---|---|---|---|---|---|---|---|---|---|---|---|---|---|
| Dewey Decimal Classification | SGT Dental Library | SGT Dental Library | 16/02/2006 | U.B.S.DELHI | 950.00 | 1 | SGTU | 988 | 2 | 612 T2006G | FD3946 | 06/09/2017 | 29/08/2017 | 31/07/2012 | Books | ||||
| Dewey Decimal Classification | SGT Dental Library | SGT Dental Library | 16/02/2006 | U.B.S.DELHI | 950.00 | 1 | SGTU | 988 | 2 | 612 T2006G | FD3947 | 21/05/2018 | 09/05/2018 | 31/07/2012 | Books | ||||
| Dewey Decimal Classification | SGT Dental Library | SGT Dental Library | 16/02/2006 | U.B.S.DELHI | 950.00 | 1 | SGTU | 988 | 612 T2006G | FD3948 | 09/02/2015 | 31/07/2012 | Books | ||||||
| Dewey Decimal Classification | SGT Dental Library | SGT Dental Library | 16/02/2006 | U.B.S.DELHI | 950.00 | 1 | SGTU | 988 | 2 | 612 T2006G | FD3949 | 20/02/2020 | 20/02/2020 | 31/07/2012 | Books | ||||
| Dewey Decimal Classification | SGT Dental Library | SGT Dental Library | 16/02/2006 | U.B.S.DELHI | 950.00 | 1 | SGTU | 988 | 2 | 612 T2006G | FD3950 | 02/06/2025 | 21/05/2025 | 31/07/2012 | Books |